1649 1944 1758 1288 1700 1213 1611 1261 1929 1791 1439 1161 1613 1742 1039 1633 1436 1316 1712 1571 1637 1776 1488 1118 1617 1693 1490 1528 1446 1856 1838 1174 1064 1468 1095 1188 1824 1980 1000 1728 1006 1674 1274 1600 1471 1206 1944 1582 1871 1785 1088 1699 1937 1223 1776 1555 1372 1279 1429 1366 1333 1207 1953 1285 1839 1790 1042 1839 1166 1917 1013 1725 1700 1031 1882 1027 1970 1492 1024 1746 1848 1790 1024 1871 1691 1133 1258 1089 1861 1086 1518 1959 1349 1410 1228 1237 1692 1967 1656 BCNSPRNW ULIB Ver.6.0+V

เปลี่ยนเป็นภาษาไทย

Change to English
 แสดงรายละเอียดบรรณานุกรม
  กลับหน้าหลัก

Brief Record : Get Marc (ISO 2709) : E-mail record : QR code < ปิดหน้าต่าง
LEADER : 00000nam 2200000uu 4500
001    13399113222
003     ULIB
008    111003s2547||||th 000 0 tha d
020    9741326475
050  4 QC21.2^bส264ฟ ล.2
100 0  สมพงษ์ ใจดี
245 10 ฟิสิกส์มหาวิทยาลัย 2 /^cสมพงษ์ ใจดี
250    พิมพ์ครั้งที่ 3
260    กรุงเทพฯ :^bสำนักพิมพ์แห่งจุฬาลงกรณ์มหาวิทยาลัย,^c2547
300    368 หน้า :^bภาพประกอบ ;^c26 ซม.
536    ฉบับได้รับ(รางวัล)สมนาคุณจากโครงการส่งเสริมการผลิตตำราและหนังสือคณะวิทยาศาสตร์ จุฬาลงกรณ์มหาวิทยาลัย
650  7 ก๊าซ
650  7 คลื่น (ฟิสิกส์)
650  7 เทอร์โมไดนามิกส์
650  7 ฟิสิกส์
650  7 สสาร
710 2  จุฬาลงกรณ์มหาวิทยาลัย. ^bภาควิชาฟิสิกส์
945    ^p230^l0^i021675
995    ทศพร
999 ^a ทศพร
รายการนี้ยังไม่มีแท็ก
คุณยังไม่ได้ล็อกอิน คุณสามารถมีกิจกรรมร่วมกับเว็บไซต์ได้ แต่ต้องล็อกอินก่อน ::
  ล็อกอิน

รายการสื่อสารสนเทศ

ลำดับที่ ประเภท เลขเรียก/บาร์โค้ด สถานที่ สถานะ
- ไม่พบข้อมูล -

รายการใกล้เคียง
    ผู้แต่ง [สมพงษ์ ใจดี]

    หัวเรื่อง [ก๊าซ]
    หัวเรื่อง [คลื่น (ฟิสิกส์)]
    หัวเรื่อง [เทอร์โมไดนามิกส์]
    หัวเรื่อง [ฟิสิกส์]
    หัวเรื่อง [สสาร]

BibComment


ยังไม่เคยถูกคอมเมนท์

คอมเมนท์ทรัพยากรรายการนี้
  คอมเมนท์: ฟิสิกส์มหาวิทยาลั..


 Copyright 2026. Bcnsprnw @Library